[Event "FIDE Chesscom Grand Swiss 2019"]
[Site "Douglas-Isle of Man"]
[Date "2019.10.19"]
[Round "9.1"]
[White "Aronian, Levon"]
[Black "Anton Guijarro, David"]
[Result "1/2-1/2"]
[WhiteElo "2758"]
[BlackElo "2674"]
[Annotator "TA"]
[PlyCount "122"]
[EventDate "2019.10.10"]
[EventType "swiss"]
[EventCountry "GBR"]
[SourceTitle "playchess.com"]
[Source "ChessBase"]
[SourceQuality "1"]

{[%evp 10,122,16,7,27,10,11,12,17,6,13,14,11,9,4,-13,-7,0,0,0,0,0,0,0,0,-40,-35,-40,-42,-41,-26,-37,-32,-58,0,-15,0,0,0,15,2,0,0,0,17,18,11,11,12,12,24,20,20,21,58,58,49,55,54,54,114,35,19,8,8,0,7,0,7,0,48,34,44,43,43,43,36,36,62,62,62,60,54,50,57,48,60,32,37,32,38,37,37,34,38,15,16,16,11,8,8,8,8,8,8,8,8,8,8,8,8,0,8,8,8]} 1. e4 e5 2. Nf3 Nc6 3. Bc4 Bc5 4. c3 Nf6 5. d3 d6 6. O-O a5 {C54: Giuoco Piano: 4 c3 Nf6, main lines with 5 d4 and 5 d3} 7. Re1 O-O 8. h3 h6 9. Nbd2 Be6 10. Bb5 Qb8 11. Nf1 $146 (11. Bxc6 bxc6 12. d4 exd4 13. cxd4 Bb4 14. a3 Bxd2 15. Nxd2 {½-½ (43) Giri,A (2797)-Ding,L (2809) Shenzhen 2019}) 11... Qa7 12. d4 exd4 13. Bxc6 $1 {[%cal Rc3d4]} dxc3 14. Ba4 $1 Bxf2+ 15. Kh2 Bxe1 16. Qxe1 d5 17. Be3 c5 18. e5 $1 {[%cal Re5f6]} Ne4 $1 ({Much less strong is} 18... cxb2 19. Rb1 $17) 19. bxc3 f5 20. exf6 Rxf6 21. Bc2 Qb8+ 22. Kh1 {[#]} Bxh3 $1 {[%mdl 512]} 23. N3d2 (23. gxh3 Rxf3) 23... Bf5 {Threatens to win with ...Nxd2.} 24. Nxe4 Bxe4 25. Bxe4 dxe4 26. Bxc5 Qe5 27. Bd4 Qh5+ 28. Kg1 Rf4 29. Qd1 Qxd1 30. Rxd1 b5 31. a3 Rc8 32. Ne3 {[%mdl 1024] White has compensation.} Rf7 33. Rb1 Rb7 34. Kf2 Kh7 {[#]} (34... Rd8 $14) 35. Nc2 (35. Ng4 $1 $16) 35... Rc6 $14 36. Rh1 Rf7+ 37. Kg1 Rfc7 38. Rh3 g5 39. Re3 Re7 40. Re1 Kg6 41. Rb1 Rb7 42. Kf2 h5 43. Ke3 Rbc7 44. Kxe4 Rxc3 45. Bxc3 Rxc3 {[%mdl 4096] Endgame KRN-KR} 46. Ne3 Rxa3 47. Rxb5 h4 48. Rb8 {Strongly threatening Rg8+.} Ra4+ 49. Ke5 {Rg8+ is the strong threat.} Rb4 50. Rg8+ Kh5 51. Rd8 a4 52. Kf6 {[%cal Rd8h8]} Rb6+ {The position is equal.} 53. Kf5 {Rh8+ would kill now.} Rb5+ 54. Nd5 {[%cal Rd8h8]} Kh6 55. Kg4 a3 56. Rd6+ Kg7 57. Nc7 Ra5 {aiming for ...a2.} 58. Ne6+ {[%mdl 64] Double Attack} Kf6 59. Nxg5+ Ke5 60. Nf7+ Ke4 61. Rd1 {And now Nd6+ would win.} Ra4 {Accuracy: White = 63%, Black = 72%.} 1/2-1/2

[Event "FIDE Chesscom Grand Swiss 2019"]
[Site "Douglas-Isle of Man"]
[Date "2019.10.19"]
[Round "9.1"]
[White "Jobava, Baadur"]
[Black "Amin, Bassem"]
[Result "1/2-1/2"]
[WhiteElo "2617"]
[BlackElo "2699"]
[Annotator "TA"]
[PlyCount "86"]
[EventDate "2019.10.10"]
[EventType "swiss"]
[EventCountry "GBR"]
[SourceTitle "playchess.com"]
[Source "ChessBase"]
[SourceQuality "1"]

{[%evp 15,86,10,37,-10,42,29,33,34,35,7,25,35,29,-57,-62,-66,-72,-76,-67,-54,-64,-57,-64,-63,-70,-62,-51,-47,0,-111,-21,-32,0,0,0,0,0,0,20,-66,33,23,25,21,25,28,23,0,9,12,72,51,77,0,0,-61,-63,-162,-4,-9,0,-143,-84,-91,0,0,0,0,0,0,0,0,0]} 1. d4 Nf6 2. c4 g6 3. Nc3 Bg7 4. e4 d6 5. f3 O-O 6. Be3 c5 7. Nge2 Nc6 8. Qd2 Qa5 9. O-O-O {E81: King's Indian: Sämisch: 6th move deviations (including 6 Be3 c6)} (9. Rc1 e5 10. dxc5 dxc5 11. Nd5 Qxd2+ 12. Kxd2 b6 13. Bg5 Nd7 14. a3 h6 15. Be3 Rd8 16. b4 Bb7 {1-0 (37) Duda,J (2737)-Grischuk,A (2766) chess.com INT 2018}) 9... e5 (9... a6 $11) 10. dxc5 dxc5 11. Kb1 {White is slightly better.} Nd4 12. Nc1 $146 ({Predecessor:} 12. Bh6 Rb8 13. Nd5 Qxd2 14. Bxd2 Nxd5 15. cxd5 Bd7 16. b4 b6 17. Nxd4 exd4 18. Bf4 Ra8 19. Rc1 f5 20. g3 {1-0 (20) Zhak,B (2556)-Ponomarev,A (2369) ICCF email 2009}) 12... a6 13. h4 h5 14. Bg1 (14. Bg5 $11) 14... b5 $15 15. Bh2 Re8 16. Nd3 Nd7 17. Nd5 Qd8 18. Qg5 Bb7 19. Qxd8 Raxd8 20. Nc7 Re7 21. Nd5 Ree8 (21... Bxd5 $5 22. cxd5 f5 $11) 22. Ne1 (22. Nc7 $1 $11 {keeps the balance.}) 22... f5 (22... bxc4 $17 23. Ne3 Nb6) 23. Nc7 $11 {[%cal Rc4b5]} Re7 24. cxb5 axb5 25. Nxb5 fxe4 26. Nd6 $1 {[%csl LRb7,LRe4][%cal Rd6b7]} Nf6 27. Bc4+ ({White should play} 27. Nxb7 $11 Rxb7 28. Bc4+ Kh7 29. Bxe5) 27... Kh7 ({Black should try} 27... Bd5 $15 28. Bxd5+ Nxd5 29. Nxe4 c4) 28. Nxb7 $14 Rxb7 29. Bxe5 Re8 30. Bxd4 cxd4 31. a4 Rd8 32. Bb5 e3 (32... d3 $11) 33. Nd3 $16 Ne8 34. Nc5 (34. Rc1 $16) 34... Rb6 $1 $11 35. Rhe1 (35. g3 $11) 35... Nc7 $15 36. Bd3 (36. Nd3 $1 $15) 36... Nd5 $2 (36... Rdb8 $19 37. Re2 Nd5) 37. Bb5 $1 $11 Nc7 38. Rxe3 (38. Bd3 $11) 38... Nxb5 ({Not} 38... dxe3 39. Rxd8 e2 40. Nd3 $11) (38... Rd5 $142 39. Re7 Nxb5) 39. Rb3 $17 {[%mdl 64] [#] Pin} Rd5 (39... Bf8 $1 $17 {[%cal Rf8c5]} 40. Rxb5 Rxb5) 40. Ne4 $11 {[#]The position is equal.} Nc3+ $1 {[%mdl 576] [#] Discovered Attack} 41. Rxc3 $1 {[%mdl 576] Remove Defender} (41. bxc3 Rxb3+) 41... dxc3 42. Rxd5 {Hoping for Rb5.} Rxb2+ 43. Kc1 Rxg2 {Accuracy: White = 48%, Black = 40%.} 1/2-1/2

[Event "FIDE Chesscom Grand Swiss 2019"]
[Site "Douglas-Isle of Man"]
[Date "2019.10.19"]
[Round "9.2"]
[White "Carlsen, Magnus"]
[Black "Caruana, Fabiano"]
[Result "1/2-1/2"]
[WhiteElo "2876"]
[BlackElo "2812"]
[Annotator "TA"]
[PlyCount "50"]
[EventDate "2019.10.10"]
[EventType "swiss"]
[EventCountry "GBR"]
[SourceTitle "playchess.com"]
[Source "ChessBase"]
[SourceQuality "1"]

{[%evp 13,50,4,7,-8,0,9,0,0,0,-23,-28,-41,-18,-46,-57,-35,-31,-25,-38,-34,0,0,0,0,0,0,0,0,0,0,0,0,0,0,0,0,0,0,0]} 1. c4 e5 2. Nc3 Nf6 3. Nf3 Nc6 4. e4 Bc5 5. Nxe5 Nxe5 6. d4 Bb4 7. dxe5 Nxe4 $1 8. Qf3 {A28: English Opening: Four Knights Variation} Nxc3 9. bxc3 Ba5 (9... Be7 10. Qg3 g6 11. Bh6 d6 12. Be2 Be6 13. Rd1 Qd7 14. exd6 cxd6 15. O-O O-O-O {½-½ (52) Carlsen,M (2861)-Nepomniachtchi,I (2773) Abidjan 2019}) 10. Bf4 O-O 11. O-O-O $146 ({Predecessor:} 11. Be2 d6 12. exd6 Qf6 13. O-O cxd6 14. Rac1 Re8 15. Rfd1 Bc7 {1-0 (24) Melaugh,S (2077)-Lyons,B (1967) Dublin 2019}) 11... Qe7 {White must now prevent ...Qa3+.} 12. Kb2 Rb8 13. Bd3 b5 14. cxb5 Bb7 15. Qh3 {[%csl Gd3][%cal Rh3h7]} g6 16. Qe3 $1 {Strongly threatening Bg5.} Rfe8 17. Rhe1 {The position is equal.} Bc6 18. a4 a6 {[%cal Ra6b5]} 19. Bg5 $1 {[%cal Rg5e7]} Bxc3+ 20. Kxc3 Qa3+ {[%mdl 64] [#] Double Attack} 21. Kd2 Qb4+ {[%mdl 64] Double Attack} 22. Ke2 Qg4+ {[%mdl 64] Double Attack} 23. Kd2 Qb4+ $1 {[%mdl 64] Double Attack} 24. Ke2 Qg4+ {[%mdl 64] [#] Double Attack} 25. Kd2 Qb4+ $1 {[%mdl 64] Double Attack. Accuracy: White = 74%, Black = 81%.} 1/2-1/2

[Event "FIDE Chesscom Grand Swiss 2019"]
[Site "Douglas-Isle of Man"]
[Date "2019.10.19"]
[Round "9.2"]
[White "Esipenko, Andrey"]
[Black "Jones, Gawain C B"]
[Result "1-0"]
[WhiteElo "2624"]
[BlackElo "2688"]
[Annotator "TA"]
[PlyCount "159"]
[EventDate "2019.10.10"]
[EventType "swiss"]
[EventCountry "GBR"]
[SourceTitle "playchess.com"]
[Source "ChessBase"]
[SourceQuality "1"]

{[%evp 20,159,43,21,45,15,17,24,25,9,23,22,26,28,38,10,49,30,107,116,122,118,102,86,212,211,212,205,213,212,210,206,195,121,112,118,118,124,122,112,120,91,72,77,179,192,175,185,205,203,222,209,298,299,391,388,392,398,384,394,375,308,320,331,361,376,407,388,387,385,352,351,236,193,338,334,454,397,615,615,613,613,561,695,680,611,670,639,536,497,602,600,1204,1104,1144,1124,8756,8580,6310,5564,4690,4747,9267,8781,6237,6117,5543,6237,5420,4644,7785,5760,29951,29952,29956,29955,29951,29956,29954,29955,29957,29958,29960,29961,29951,29960,29962,29964,29969,29969,29966,29969,29970,29972,29974,29973,29971,29974,29974,29975,29975,29976]} 1. d4 Nf6 2. c4 g6 3. Nc3 d5 4. cxd5 Nxd5 5. e4 Nxc3 6. bxc3 Bg7 7. Nf3 c5 8. Be3 Qa5 9. Qd2 O-O 10. Rc1 Bg4 11. d5 b5 {[%cal Bb7b5,Bb5b4][%mdl 32] D85: Exchange Grünfeld: Unusual White 7th moves and lines with 7 Nf3} 12. Bxc5 (12. Be2 Nd7 13. O-O Bxf3 14. Bxf3 c4 15. Be2 Rfd8 16. f4 Nb6 17. Bf3 Qa3 18. h4 e6 19. h5 {1-0 (34) Carlsen,M (2875)-Grischuk,A (2775) Stavanger 2019}) 12... Rc8 $146 ({Predecessor:} 12... Bxf3 13. gxf3 Rc8 14. Bd4 Bxd4 15. Qxd4 b4 16. c4 Qxa2 17. Bh3 Rc7 18. O-O b3 19. c5 {0-1 (40) Van Mil,J-Witt,R (2260) Eindhoven 1981}) 13. Bb4 (13. Bxe7 Bxc3 14. Rxc3 Rxc3 $17) 13... Qc7 {White has an edge.} 14. Nd4 a5 $1 {[%cal Ra5b4]} 15. Ba3 b4 $1 {[%cal Rb4a3]} 16. Bb2 Qb6 17. c4 $36 {[%mdl 2048] White is more active.} a4 18. Be2 (18. h3 {feels hotter.} Bd7 19. Be2 Na6 20. O-O b3 21. a3) 18... a3 (18... Bxe2 $1 $11 19. Kxe2 (19. Nxe2 Bxb2 20. Qxb2 Nd7 $15) 19... e5) 19. Ba1 $16 Bxe2 20. Kxe2 e6 21. Rhd1 Na6 (21... e5 $16) 22. Nc6 $18 Bxa1 23. Ne7+ (23. Rxa1 $6 Rxc6 24. dxc6 Qxc6 $16) 23... Kg7 {And now ...Re8 would win.} 24. Nxc8 ({And not} 24. Rxa1 Rxc4 25. Rac1 Rxe4+ 26. Kf3 exd5 $17) 24... Rxc8 25. Rxa1 Rxc4 26. Kf1 ({White should play} 26. Qd3 $18 Qb5 27. Rac1 Rxe4+ 28. Kf3 Qxd3+ 29. Rxd3 exd5 30. Rxd5) 26... Nc5 $16 {[%cal Ba6c5,Bc5e4,Be4c3][%mdl 32]} 27. d6 e5 28. Qg5 $1 {[%cal Rg5e5]} Nxe4 {[%csl Ge4][%cal Rb6f2]} 29. Qe3 $1 {[%cal Re3b6]} ({Of course not} 29. Qxe5+ $6 f6 $11) 29... Qxe3 30. fxe3 {[%mdl 4096] Endgame aiming for d7. KRR-KRN} Rc8 31. Rd5 Nc3 (31... f6 $16) 32. Rxe5 $18 Rd8 33. Re7 $1 Nd5 34. Rb7 Nxe3+ 35. Ke2 Nd5 (35... Nc4 {was necessary.} 36. Rxb4 Nxd6) 36. d7 Kf6 37. Kd3 Ke6 38. Re1+ Kd6 39. Kc4 Kc6 40. Rb5 Nb6+ 41. Kxb4 {Rc1+ is the strong threat.} Nd5+ 42. Kc4 Nb6+ {[#]} 43. Rxb6+ $1 Kxb6 {[#] KR-KR} 44. Re7 $1 {[%cal Re7f7]} Kc6 45. Rxf7 h5 46. Kb4 h4 (46... Kc7 $142 47. Kxa3 g5) 47. h3 ({Weaker is} 47. Kxa3 Kc7 $18) 47... g5 48. Kxa3 Kc7 (48... g4 $142 49. hxg4 Kc7) 49. Rg7 Ra8+ 50. Kb3 Ra5 51. a4 Re5 52. Kc4 Rf5 53. Kd4 Kd8 54. Ke4 Rc5 55. Kf3 Rc3+ 56. Kg4 Rg3+ 57. Kh5 Rxg2 58. Rxg5 Ra2 59. Rg4 Kxd7 60. Kxh4 Ra3 61. Rf4 Ke6 62. Kg4 Ra1 63. Kg5 Rg1+ 64. Rg4 Rh1 65. h4 Kf7 66. Rf4+ {White mates.} Kg7 67. Rf5 Rg1+ 68. Kh5 Rd1 69. a5 {[%cal Ba4a5,Ba5a6,Ba6a7][%mdl 32]} Ra1 70. Kg5 Rh1 71. h5 Rg1+ 72. Kf4 Re1 73. Rb5 Kh6 74. a6 Ra1 75. Rb6+ Kxh5 76. Ke5 Rd1 77. a7 Ra1 78. Rb7 Ra6 79. Kd5 Kg6 80. Kc5 {Accuracy: White = 92%, Black = 38%.} 1-0

[Event "FIDE Chesscom Grand Swiss 2019"]
[Site "Douglas-Isle of Man"]
[Date "2019.10.19"]
[Round "9.3"]
[White "Kamsky, Gata"]
[Black "Safarli, Eltaj"]
[Result "1/2-1/2"]
[WhiteElo "2685"]
[BlackElo "2593"]
[Annotator "TA"]
[PlyCount "75"]
[EventDate "2019.10.10"]
[EventType "swiss"]
[EventCountry "GBR"]
[SourceTitle "playchess.com"]
[Source "ChessBase"]
[SourceQuality "1"]

{[%evp 9,75,-4,5,17,0,0,17,-5,-11,-6,37,34,41,51,49,44,58,67,64,72,63,9,13,20,8,0,0,0,0,0,0,-16,3,0,0,-8,11,0,0,0,0,0,0,0,0,0,0,0,0,0,0,0,0,0,0,0,0,0,0,0,0,0,0,0,0,0,0,0]} 1. e4 c5 2. Nc3 Nc6 3. Bb5 Nd4 4. Nf3 a6 5. Bc4 Nxf3+ 6. Qxf3 {[%csl Gf3][%cal Rc4f7] [#] B23: Closed Sicilian: Lines without g3} e6 7. a4 Ne7 8. O-O Nc6 9. Qg3 Qf6 $146 ({Predecessor:} 9... g6 10. d3 d6 11. Bg5 Be7 12. Bh6 {1-0 (33) Najer,E (2606)-Sevillano,E (2464) Philadelphia 2004}) 10. d3 Qg6 11. Qh3 h5 12. f4 Nd4 13. f5 Qg4 14. Qe3 h4 ({Avoid the trap} 14... Nxc2 $2 15. Qf2 $18) 15. h3 ({White should try} 15. Qf2 $14) 15... Qg3 $11 {The position is equal.} 16. Qxg3 hxg3 17. Bf4 Nxc2 18. Rac1 Nd4 19. Bxg3 Be7 20. Be5 Bf6 21. Bd6 Be7 22. Be5 Bf6 23. Bxf6 gxf6 24. fxe6 dxe6 25. Rxf6 Bd7 {Black wants to play ...b5.} 26. a5 Ke7 27. Rf2 Rag8 28. Kf1 Rg5 29. Ne2 Nc6 $1 30. Ra1 Ne5 31. b3 Bc6 32. Ke1 Rd8 33. Rd1 Bb5 34. Bxb5 axb5 35. d4 {[#] And now h4 would win.} Nc6 {[%cal Rc5d4]} 36. dxc5 Rxd1+ 37. Kxd1 Rxc5 38. Nc1 {Accuracy: White = 70%, Black = 59%.} 1/2-1/2

[Event "FIDE Chesscom Grand Swiss 2019"]
[Site "Douglas-Isle of Man"]
[Date "2019.10.19"]
[Round "9.3"]
[White "Alekseenko, Kirill"]
[Black "Anand, Viswanathan"]
[Result "1/2-1/2"]
[WhiteElo "2674"]
[BlackElo "2765"]
[Annotator "TA"]
[PlyCount "62"]
[EventDate "2019.10.10"]
[EventType "swiss"]
[EventCountry "GBR"]
[SourceTitle "playchess.com"]
[Source "ChessBase"]
[SourceQuality "1"]

{[%evp 13,62,27,21,32,10,0,11,6,29,29,33,4,4,8,8,8,8,0,3,5,14,12,14,12,10,11,16,0,0,0,19,22,22,22,19,7,23,22,22,0,0,0,0,0,0,0,0,0,0,0,0]} 1. e4 e5 2. Nf3 Nc6 3. Bc4 Bc5 4. O-O Nf6 5. d3 O-O 6. h3 d5 7. exd5 Nxd5 8. Re1 {C24: Bishop's Opening: 2...Nf6} Be6 9. c3 (9. Nbd2 f6 10. Nb3 Bb6 11. a4 a6 12. a5 Ba7 13. d4 Kh8 14. dxe5 Nxe5 15. Bxd5 Bxd5 16. Nxe5 fxe5 {½-½ (47) Nepomniachtchi,I (2775)-Nakamura,H (2754) Paris 2019}) 9... Bb6 10. Bb3 Qd7 11. Na3 Rad8 12. Nc4 f6 13. d4 $146 ({Predecessor:} 13. Nxb6 cxb6 14. d4 {1-0 (44) Chigaev,M (2634)-Nasuta,G (2516) Karlsruhe 2019}) 13... exd4 14. Nxb6 cxb6 15. Nxd4 Bf7 16. Nxc6 bxc6 17. Qf3 Rfe8 18. Rd1 {[#] Black must now prevent c4.} Qc8 19. Bd2 Ne7 20. Bc2 Bg6 21. Ba4 b5 22. Bb3+ Bf7 23. Be3 a6 24. Rxd8 Rxd8 25. Bc5 Ng6 {The position is equal.} 26. Bc2 Ne5 27. Qe4 {[%csl Gc2][%cal Re4h7] [#]} Bg6 28. Bb3+ Kh8 29. Qe2 Nd3 30. Bb6 Re8 31. Be3 c5 {Accuracy: White = 72%, Black = 76%.} 1/2-1/2

[Event "FIDE Chesscom Grand Swiss 2019"]
[Site "Douglas-Isle of Man"]
[Date "2019.10.19"]
[Round "9.4"]
[White "Sasikiran, Krishnan"]
[Black "Volokitin, Andrei"]
[Result "1-0"]
[WhiteElo "2675"]
[BlackElo "2627"]
[Annotator "TA"]
[PlyCount "115"]
[EventDate "2019.10.10"]
[EventType "swiss"]
[EventCountry "GBR"]
[SourceTitle "playchess.com"]
[Source "ChessBase"]
[SourceQuality "1"]

{[%evp 18,115,13,11,27,19,22,13,22,15,15,-17,-17,-16,-16,-14,-7,-7,-7,-7,-7,-7,-6,-7,-7,-7,0,-7,0,-7,0,-7,0,-7,-7,-7,0,-19,0,0,0,0,11,-7,-4,-16,43,-20,21,24,25,36,240,227,254,243,443,416,439,441,433,412,409,287,282,279,253,277,279,241,283,276,289,313,301,299,282,296,309,316,359,345,423,394,377,393,496,492,458,437,448,429,438,420,639,639,632,613,1135,1120]} 1. e4 c5 2. Nf3 d6 3. d4 cxd4 4. Nxd4 Nf6 5. Nc3 a6 6. Be2 e6 7. O-O Be7 8. a4 Nc6 9. Be3 Bd7 10. Qd2 Nxd4 {B83: Sicilian Scheveningen: 6 Be2, lines without ...a6} 11. Bxd4 Bc6 12. Qe3 O-O {The position is equal.} 13. Rfd1 {[#]} Qb8 $146 ({Predecessor:} 13... Qc8 14. a5 e5 15. Bb6 Qe6 16. Qd3 Rac8 17. h3 g6 18. b3 Kg7 19. Qf3 {½-½ (47) Kamsky,G (2725)-Movsesian,S (2751) Wijk aan Zee 2009}) 14. a5 b5 15. Bf3 Rc8 16. Na2 Qb7 {[%cal Rc6e4]} 17. Bxf6 Bxf6 18. c3 Qc7 19. Nb4 Bb7 20. g3 Rd8 21. Bg2 Qc5 22. Qe2 Qc7 23. Qe3 Qc5 24. Qe2 Qc7 25. Qe3 Be7 26. h4 h6 27. Rd3 Qc5 28. Qd2 Rac8 29. Kh2 Qa7 30. Nc2 Rc4 31. Rd4 d5 (31... Qa8 $11) 32. exd5 (32. Rd3 $14) 32... Bxd5 33. Rd3 $1 Qc7 34. Bxd5 exd5 $2 {[#]} ({Black should try} 34... Rxd5 $14 35. Rxd5 exd5) 35. Ne3 $1 $18 Rxh4+ 36. Kg1 Rh5 $2 (36... d4) 37. Nxd5 Qb7 38. Nxe7+ {[%mdl 64] Discovered Attack} Kh7 {[%csl Gb7][%cal Rh5h1]} 39. f3 Qxf3 {( -> ...Rh1#)} 40. Rxf3 Rxd2 {[#]} 41. Rf2 $1 {[%cal Rf2d2]} ({Stronger than} 41. Rxf7 Rhh2 $11) 41... Rd3 42. Rg2 Rc5 43. g4 Rc4 44. g5 hxg5 45. Rxg5 {[%cal Rg5h5]} g6 46. Rf1 Kg7 47. Rg2 Rd7 48. Nf5+ $1 Kg8 49. Ne3 Ra4 50. Ng4 Kg7 51. Nf6 Rd3 52. Rh2 g5 53. Nh5+ Kf8 54. Rg2 Rxa5 55. Rxg5 Ra2 (55... Ke7 $142 56. Rg7 Kd7 57. Rfxf7+ Kc6) 56. Nf6 {White threatens Re1 and mate.White is clearly winning.} Ke7 57. Nd5+ Kf8 58. Nb4 {[%mdl 64] Double Attack. Accuracy: White = 79%, Black = 43%.} 1-0

[Event "FIDE Chesscom Grand Swiss 2019"]
[Site "Douglas-Isle of Man"]
[Date "2019.10.19"]
[Round "9.4"]
[White "Maghsoodloo, Parham"]
[Black "Karjakin, Sergey"]
[Result "1/2-1/2"]
[WhiteElo "2664"]
[BlackElo "2760"]
[Annotator "TA"]
[PlyCount "87"]
[EventDate "2019.10.10"]
[EventType "swiss"]
[EventCountry "GBR"]
[SourceTitle "playchess.com"]
[Source "ChessBase"]
[SourceQuality "1"]

{[%evp 11,87,7,36,1,31,21,22,24,11,16,10,-16,-22,-17,-24,-18,16,16,41,19,16,25,16,-13,-10,-40,0,-8,-12,-10,-7,0,0,0,0,0,0,0,1,0,0,0,12,11,54,28,132,61,68,73,127,161,144,123,120,25,31,25,25,44,36,54,102,18,39,8,83,0,0,0,0,0,0,0,0,0,0,0]} 1. c4 Nf6 2. Nf3 e6 3. g3 d5 4. Bg2 dxc4 5. Qa4+ Nbd7 6. Qxc4 a6 7. a4 {A13: English Opening: 1...e6} (7. Qc2 c5 8. Nc3 Qc7 9. d4 cxd4 10. Nxd4 Bc5 11. Nb3 Bd6 12. O-O O-O 13. Rd1 Be5 14. Be3 Nd5 15. Bxd5 exd5 16. Rac1 {1-0 (87) Ding,L (2805)-Carlsen,M (2882) Saint Louis 2019}) 7... Bd6 8. a5 O-O 9. O-O $146 ({Predecessor:} 9. d4 c6 10. O-O e5 11. Rd1 Qe7 12. Nc3 exd4 13. Qxd4 Bc5 {1-0 (50) Demina,J (2357)-Molchanova,T (2337) Serpukhov 2008}) 9... Rb8 10. Qc2 b5 11. Nd4 (11. axb6 $5 cxb6 12. Nd4 $11) 11... Bb7 12. Bxb7 Rxb7 13. Nc6 Qa8 14. d4 Nb8 15. e4 Nxc6 16. Qxc6 Be7 17. f3 Ra7 18. Qc3 b4 19. Qc4 c5 20. dxc5 Nd7 21. Be3 Nxc5 22. Nd2 (22. Bxc5 Rc8 $17) 22... Rd7 (22... Rc8 {feels hotter.} 23. Rac1 Rac7 24. Qe2 Rc6 25. b3 Bd8) 23. Bxc5 Bxc5+ 24. Qxc5 {And now Nc4 would win.} Rxd2 25. Rf2 Rxf2 26. Kxf2 $11 {[%mdl 4096] Endgame KQR-KQR} b3 27. Rc1 h6 28. Ke2 g5 (28... Kh7 $11 {keeps the balance.}) 29. Rc4 (29. Qc7 $1 $16) 29... Qd8 30. Qb6 g4 {[#]} (30... Qf6 $142 31. Qxb3 g4) 31. Qxd8 $1 $16 ({Reject} 31. Qxb3 $6 gxf3+ 32. Kxf3 (32. Qxf3 Qxa5 33. h4 Qb5 $11) 32... Qxa5 $11) ({Of course not} 31. fxg4 $6 Qg5 $11) 31... gxf3+ 32. Kxf3 {Intending Qf6 and mate.} Rxd8 {KR-KR} 33. Ke2 ({Better is} 33. Rb4 $16) 33... Kg7 $11 34. Rc6 Kf6 $1 35. Rxa6 {Threatens to win with Rb6.} Rc8 $1 36. Kd3 {Hoping for Rb6.} Rc2 {[#]} 37. Rb6 (37. h4 $1 $16) 37... Rxb2 38. Kc3 Rxh2 39. Rxb3 ({White should play} 39. Rb5 $16) 39... Ra2 {The position is equal.} 40. Kb4 {Ra3 is the strong threat.} Ke5 41. Ra3 Rb2+ 42. Kc3 Rb8 43. Ra4 Rg8 44. a6 {Accuracy: White = 50%, Black = 63%.} 1/2-1/2

[Event "FIDE Chesscom Grand Swiss 2019"]
[Site "Douglas-Isle of Man"]
[Date "2019.10.19"]
[Round "9.5"]
[White "Kovalev, Vladislav"]
[Black "Nakamura, Hikaru"]
[Result "0-1"]
[WhiteElo "2661"]
[BlackElo "2745"]
[Annotator "TA"]
[PlyCount "52"]
[EventDate "2019.10.10"]
[EventType "swiss"]
[EventCountry "GBR"]
[SourceTitle "playchess.com"]
[Source "ChessBase"]
[SourceQuality "1"]

{[%evp 13,62,28,37,0,8,4,10,0,2,6,22,0,0,0,0,0,0,-16,-23,-85,-49,-63,-45,-57,-68,-88,-83,-90,-70,-106,-98,-126,-125,-188,-208,-207,-201,-150,-110,-145,-151,-368,-356,-370,-367,-356,-340,-430,-435,-395,-391]} 1. e4 c5 2. Nf3 Nc6 3. Bb5 g6 4. Bxc6 bxc6 5. O-O Bg7 6. Re1 Nh6 7. c3 O-O 8. h3 {B31: Sicilian: 2...Nc6 3 Bb5 g6} f5 9. e5 Nf7 10. d4 {The position is equal.} cxd4 11. cxd4 Bb7 12. Nc3 c5 $1 13. dxc5 e6 14. Be3 {[#]} g5 $146 ({Predecessor:} 14... Rb8 15. Bd4 h5 {½-½ (29) Adams,M (2747)-Giri,A (2785) Moscow 2017}) 15. Nh2 Bxe5 16. Bd4 {[#]} (16. Nf3 $11 {remains equal.}) 16... Bxh2+ $1 $17 17. Kxh2 Qc7+ 18. Kg1 e5 19. Be3 f4 {aiming for ...Qc6.} 20. Bc1 Qxc5 $40 {[%mdl 128] White needs to defend precisely.} 21. Qxd7 {[#]} Rab8 $1 22. Qg4 Rfd8 23. h4 (23. Qe2 $17 {was necessary.}) 23... Rd3 $19 24. Ne4 Bxe4 25. Rxe4 Rbd8 {Threatens to win with ...Rd1+.} 26. Re1 Qb4 {Played: Qc5-d4} 0-1

[Event "FIDE Chesscom Grand Swiss 2019"]
[Site "Douglas-Isle of Man"]
[Date "2019.10.19"]
[Round "9.5"]
[White "Vocaturo, Daniele"]
[Black "Bacrot, Etienne"]
[Result "1/2-1/2"]
[WhiteElo "2620"]
[BlackElo "2671"]
[Annotator "TA"]
[PlyCount "60"]
[EventDate "2019.10.10"]
[EventType "swiss"]
[EventCountry "GBR"]
[SourceTitle "playchess.com"]
[Source "ChessBase"]
[SourceQuality "1"]

{[%evp 13,60,14,17,4,27,22,9,12,15,16,25,22,26,25,37,10,16,13,13,20,13,14,12,16,16,16,21,9,16,14,14,5,5,5,5,6,7,7,12,0,0,0,0,0,0,0,0,0,0]} 1. d4 d5 2. c4 e6 3. Nc3 Be7 4. cxd5 exd5 5. Bf4 c6 6. e3 Bf5 7. Nge2 Nd7 8. h4 {D31: Queen's Gambit Declined: Semi-Slav without ...Nf6 (+ Marshall Gambit and Noteboom) and Exchange Variation lines without ...Nf6} Ngf6 9. Ng3 Be6 10. Bd3 O-O 11. Nf5 Re8 $146 ({Predecessor:} 11... Bxf5 12. Bxf5 Nb6 13. Qc2 Nc4 14. h5 h6 15. Bd3 Nd6 {1-0 (35) Dubov,D (2660)-Dominguez Perez,L (2739) Doha 2016}) 12. Nxe7+ Qxe7 13. O-O Ne4 14. Bxe4 (14. Nxe4 {with more complications.} dxe4 15. Bxe4 Qxh4 16. Bf3 Nf6 17. g3) 14... dxe4 {The position is equal.} 15. Nxe4 {White wants to play Nd6.} Bc4 16. Nd6 {[%mdl 64] [#] Double Attack} Bxf1 17. Nxe8 Rxe8 18. Qxf1 Qxh4 19. d5 Qf6 20. dxc6 Qxc6 21. Rc1 Qb6 22. Rc7 Nf8 23. Qc4 $40 {[%mdl 128] White mounts an attack.} Ne6 24. Rc8 Rxc8 25. Qxc8+ Qd8 26. Qxb7 Nxf4 27. exf4 Qd1+ $1 28. Kh2 Qh5+ 29. Kg1 {[%cal Rb7c8] [#]} Qd1+ 30. Kh2 {Qc8+ would kill now.} Qh5+ {Accuracy: White = 78%, Black = 82%.} 1/2-1/2